00233nam a2200097Ia 45000010005000000080041000050820018000461000016000642450038000802600017001181904241024s9999 xx 000 0 und d a379.1/P358g/2 aSerge Peano 0aEl gasto de educación 1996-2004 bUNESCOc2006